<?xml version="1.0" encoding="UTF-8"?>
<record
    xmlns:xsi="http://www.w3.org/2001/XMLSchema-instance"
    xsi:schemaLocation="http://www.loc.gov/MARC21/slim http://www.loc.gov/standards/marcxml/schema/MARC21slim.xsd"
    xmlns="http://www.loc.gov/MARC21/slim">

  <leader>00897nam a2200253Ia 4500</leader>
  <controlfield tag="005">20220202091525.0</controlfield>
  <controlfield tag="008">210716s2009    xx            000 0 und d</controlfield>
  <datafield tag="020" ind1=" " ind2=" ">
    <subfield code="a">9780230636118</subfield>
  </datafield>
  <datafield tag="040" ind1=" " ind2=" ">
    <subfield code="c">AIMIT LIBRARY</subfield>
  </datafield>
  <datafield tag="041" ind1=" " ind2=" ">
    <subfield code="a">eng</subfield>
  </datafield>
  <datafield tag="082" ind1=" " ind2=" ">
    <subfield code="a">332.12 </subfield>
    <subfield code="2">2</subfield>
    <subfield code="b">ARUA</subfield>
  </datafield>
  <datafield tag="100" ind1=" " ind2=" ">
    <subfield code="a">Arundekar, A M.</subfield>
    <subfield code="9">15416</subfield>
  </datafield>
  <datafield tag="245" ind1=" " ind2=" ">
    <subfield code="a">Principles and practices of banking: </subfield>
    <subfield code="b">for JAIIB diploma in banking and finance examination /</subfield>
    <subfield code="c">By A M Arundekar...[et.al.].</subfield>
  </datafield>
  <datafield tag="250" ind1=" " ind2=" ">
    <subfield code="a">2nd ed.</subfield>
  </datafield>
  <datafield tag="260" ind1=" " ind2=" ">
    <subfield code="a">New Delhi :</subfield>
    <subfield code="b">Macmillan India Ltd ,</subfield>
    <subfield code="c">2009 .</subfield>
  </datafield>
  <datafield tag="260" ind1=" " ind2=" ">
    <subfield code="a">Mumbai :</subfield>
    <subfield code="b">Indian Institute of Banking and Finance ,</subfield>
    <subfield code="c">2014</subfield>
  </datafield>
  <datafield tag="300" ind1=" " ind2=" ">
    <subfield code="a">Xii, 480p. ;</subfield>
    <subfield code="c">24 cm.</subfield>
  </datafield>
  <datafield tag="650" ind1=" " ind2=" ">
    <subfield code="a">Banking regulation</subfield>
    <subfield code="9">15417</subfield>
  </datafield>
  <datafield tag="650" ind1=" " ind2=" ">
    <subfield code="a">Recent developments in the Indian financaial system</subfield>
    <subfield code="9">15418</subfield>
  </datafield>
  <datafield tag="700" ind1=" " ind2=" ">
    <subfield code="a">Agarwal, O P.</subfield>
    <subfield code="9">15419</subfield>
  </datafield>
  <datafield tag="700" ind1=" " ind2=" ">
    <subfield code="a">Nath, Onkar.</subfield>
    <subfield code="9">15420</subfield>
  </datafield>
  <datafield tag="700" ind1=" " ind2=" ">
    <subfield code="a">Khandelwal, P S.</subfield>
    <subfield code="9">15421</subfield>
  </datafield>
  <datafield tag="942" ind1=" " ind2=" ">
    <subfield code="2">ddc</subfield>
    <subfield code="c">BK</subfield>
    <subfield code="e">2nd</subfield>
    <subfield code="k">332.12 ARUA</subfield>
  </datafield>
  <datafield tag="999" ind1=" " ind2=" ">
    <subfield code="c">203869</subfield>
    <subfield code="d">203869</subfield>
  </datafield>
  <datafield tag="952" ind1=" " ind2=" ">
    <subfield code="0">0</subfield>
    <subfield code="1">0</subfield>
    <subfield code="2">ddc</subfield>
    <subfield code="4">0</subfield>
    <subfield code="7">0</subfield>
    <subfield code="8">MBA</subfield>
    <subfield code="a">AIMIT</subfield>
    <subfield code="b">AIMIT</subfield>
    <subfield code="d">2009-09-16</subfield>
    <subfield code="g">365.00</subfield>
    <subfield code="i">Bill no:9847; Bill dt:2009-09-15</subfield>
    <subfield code="l">0</subfield>
    <subfield code="o">332.12 ARUA</subfield>
    <subfield code="p">MBA06435</subfield>
    <subfield code="r">2025-07-21 00:00:00</subfield>
    <subfield code="v">273.75</subfield>
    <subfield code="w">2021-07-16</subfield>
    <subfield code="y">BK</subfield>
  </datafield>
  <datafield tag="952" ind1=" " ind2=" ">
    <subfield code="0">0</subfield>
    <subfield code="1">0</subfield>
    <subfield code="2">ddc</subfield>
    <subfield code="4">0</subfield>
    <subfield code="7">0</subfield>
    <subfield code="8">MBA</subfield>
    <subfield code="a">AIMIT</subfield>
    <subfield code="b">AIMIT</subfield>
    <subfield code="d">2015-02-21</subfield>
    <subfield code="g">420.00</subfield>
    <subfield code="i">Bill no:2156; Bill dt:2015-02-18</subfield>
    <subfield code="l">0</subfield>
    <subfield code="o">332.12 ARUA</subfield>
    <subfield code="p">MBA11480</subfield>
    <subfield code="r">2025-07-21 00:00:00</subfield>
    <subfield code="v">315.00</subfield>
    <subfield code="w">2021-07-16</subfield>
    <subfield code="y">BK</subfield>
  </datafield>
  <datafield tag="952" ind1=" " ind2=" ">
    <subfield code="0">0</subfield>
    <subfield code="1">0</subfield>
    <subfield code="2">ddc</subfield>
    <subfield code="4">0</subfield>
    <subfield code="7">0</subfield>
    <subfield code="8">MBA</subfield>
    <subfield code="a">AIMIT</subfield>
    <subfield code="b">AIMIT</subfield>
    <subfield code="d">2015-02-21</subfield>
    <subfield code="g">420.00</subfield>
    <subfield code="i">Bill no:2156; Bill dt:2015-02-18</subfield>
    <subfield code="l">0</subfield>
    <subfield code="o">332.12 ARUA</subfield>
    <subfield code="p">MBA11481</subfield>
    <subfield code="r">2025-07-21 00:00:00</subfield>
    <subfield code="v">315.00</subfield>
    <subfield code="w">2021-07-16</subfield>
    <subfield code="y">BK</subfield>
  </datafield>
  <datafield tag="952" ind1=" " ind2=" ">
    <subfield code="0">0</subfield>
    <subfield code="1">0</subfield>
    <subfield code="2">ddc</subfield>
    <subfield code="4">0</subfield>
    <subfield code="7">0</subfield>
    <subfield code="8">MBA</subfield>
    <subfield code="a">AIMIT</subfield>
    <subfield code="b">AIMIT</subfield>
    <subfield code="d">2015-02-21</subfield>
    <subfield code="g">420.00</subfield>
    <subfield code="i">Bill no:2156; Bill dt:2015-02-18</subfield>
    <subfield code="l">0</subfield>
    <subfield code="o">332.12 ARUA</subfield>
    <subfield code="p">MBA11482</subfield>
    <subfield code="r">2025-07-21 00:00:00</subfield>
    <subfield code="v">315.00</subfield>
    <subfield code="w">2021-07-16</subfield>
    <subfield code="y">BK</subfield>
  </datafield>
  <datafield tag="952" ind1=" " ind2=" ">
    <subfield code="0">0</subfield>
    <subfield code="1">0</subfield>
    <subfield code="2">ddc</subfield>
    <subfield code="4">0</subfield>
    <subfield code="7">0</subfield>
    <subfield code="8">MBA</subfield>
    <subfield code="a">AIMIT</subfield>
    <subfield code="b">AIMIT</subfield>
    <subfield code="d">2015-02-21</subfield>
    <subfield code="g">420.00</subfield>
    <subfield code="i">Bill no:2156; Bill dt:2015-02-18</subfield>
    <subfield code="l">0</subfield>
    <subfield code="o">332.12 ARUA</subfield>
    <subfield code="p">MBA11483</subfield>
    <subfield code="r">2025-07-21 00:00:00</subfield>
    <subfield code="v">315.00</subfield>
    <subfield code="w">2021-07-16</subfield>
    <subfield code="y">BK</subfield>
  </datafield>
  <datafield tag="952" ind1=" " ind2=" ">
    <subfield code="0">0</subfield>
    <subfield code="1">0</subfield>
    <subfield code="2">ddc</subfield>
    <subfield code="4">0</subfield>
    <subfield code="7">0</subfield>
    <subfield code="8">MBA</subfield>
    <subfield code="a">AIMIT</subfield>
    <subfield code="b">AIMIT</subfield>
    <subfield code="d">2015-02-21</subfield>
    <subfield code="g">420.00</subfield>
    <subfield code="i">Bill no:2156; Bill dt:2015-02-18</subfield>
    <subfield code="l">0</subfield>
    <subfield code="o">332.12 ARUA</subfield>
    <subfield code="p">MBA11484</subfield>
    <subfield code="r">2025-07-21 00:00:00</subfield>
    <subfield code="v">315.00</subfield>
    <subfield code="w">2021-07-16</subfield>
    <subfield code="y">BK</subfield>
  </datafield>
</record>
